| 000 | 00465nam a22001817a 4500 | ||
|---|---|---|---|
| 003 | NUST - PNEC | ||
| 005 | 20170116181140.0 | ||
| 008 | 151008b xxu||||| |||| 00| 0 eng d | ||
| 020 | _a136380980 | ||
| 040 | _cLIBRARY | ||
| 082 | _a629.8312 KIR | ||
| 100 |
_914591 _aKirk, Donald E. |
||
| 245 |
_aOptimal control theory; an introduction _cDonald E.Kirk |
||
| 250 | _a- | ||
| 260 | _cc.1970 | ||
| 650 |
_914589 _aControl theory _xMS Control |
||
| 942 |
_2ddc _cBK |
||
| 999 |
_c70454 _d70454 |
||